00878 a2200181 4500003000500000005001700005010001600022020001500038040000900053082001500062100002400077245005800101260004500159300002900204505041000233650003300643650002000676Nust20221017120101.0 a 80012799 a0683061577 cNust00a617.11,MUN1 aMunster, Andrew M.,10aBurn care for the house officer /cAndrew M. Munster. aBaltimore :bWilliams & Wilkins,cc1980. a100 p. :bill. ;c19 cm. aClassification, Natural History and Prognosis (Page-1), First Aid, Triage and Transportation (Page-9), Fluid Resuscitation (Page-15), Care of The Burn Wound (Page-24), Surgery of Burns (Page-36), Complications (Page-53), Nutrition (Page-70), Rehabilitation and Psychosocial Aspects of Burn Care (Page-75), Chemical Burns (Page-83), Electrical Burns (Page-86), Special Considerations in Children (Page-92). 0aBurns and scaldsxTreatment. 0aBurnsxTherapy.